| 000 | 00630nam 22002173 4500 | ||
|---|---|---|---|
| 001 | 198613 | ||
| 010 | _a978-972-0-70807-6 | ||
| 021 | _b461226/19 | ||
| 090 | _a198613 | ||
| 100 | _a20251027d u||y0pory50 ba | ||
| 200 |
_aOs Campeões _fMaria Teresa Maia Gonzalez _gilustrado por Ângela Vieira |
||
| 205 | _a1ª | ||
| 210 |
_aPorto _cPorto Editora _d2019 |
||
| 215 |
_a96 p. _cbrochado _d20 cm |
||
| 225 |
_aGrandes Amigos _v3 |
||
| 606 |
_951 _aLiteratura Juvenil Portuguesa |
||
| 675 |
_a821.134.3-93 _vPT _zpor |
||
| 700 |
_91022 _aGonzalez _bMaria Teresa Maia _f1958- |
||
| 801 |
_aPT _bBMMN _gRPC |
||
| 830 | _cAna Caetano | ||
| 990 | _cLIVROS | ||